Mercado y sociedad civil en la fábrica : culturas del trabajo en maquiladoras de México y Guatemala /

Con la globalización se ha propiciado que la industria maquiladora de exportación asuma un papel de singular importancia, tanto en lo económico por la generación de divisas y la creación de empleos. Pero por otro lado esta industria no ofrece condiciones salariales adecuadas, su avance tecnológico n...

ver descrição completa

Na minha lista:
Detalhes bibliográficos
Autor principal: Reygadas, Luis (autor)
Formato: Livro
Idioma:espanhol
Publicado em: México : Secretaría del Trabajo y Previsión Social, 2001, c2001
Colecção:(Cuaderno del Trabajo ; 19)
Assuntos:
Tags: Adicionar Tag
Sem tags, seja o primeiro a adicionar uma tag!

MARC

LEADER 00000nam^a2200000^a^4500
001 000131894
005 20250521000000.0
009 20260310095037.482
020 |a 968-813-599-62 
037 |a Acervo ITESO - Biblioteca 
041 |a ESP 
082 |a 338. 456  |b REY 
100 |a Reygadas, Luis  |e (autor) 
245 1 0 |a Mercado y sociedad civil en la fábrica :  |b culturas del trabajo en maquiladoras de México y Guatemala /  |c L. Reygadas. 
264 4 |a México :  |b Secretaría del Trabajo y Previsión Social,  |c 2001, c2001 
300 |a 262 p. 
336 |a texto  |b txt  |2 rdacontenido 
337 |a sin mediación  |b n  |2 rdamedio 
338 |a volumen  |b nc  |2 rdasoporte 
440 1 |a (Cuaderno del Trabajo ;  |v 19) 
520 |a Con la globalización se ha propiciado que la industria maquiladora de exportación asuma un papel de singular importancia, tanto en lo económico por la generación de divisas y la creación de empleos. Pero por otro lado esta industria no ofrece condiciones salariales adecuadas, su avance tecnológico no ayuda a los niveles de la misma en el país, no se vincula con la industria nacional y la situación laboral de sus empleados es desfavorable. 
649 |a XX 
650 |a Discriminación 
650 |a Sueldos y Salarios 
650 |a Trabajo Migratorio 
650 |a Trabajo Temporal 
650 |a Maquiladoras -  |z Chihuahua 
650 |a Maquiladoras -  |z Guatemala 
650 |a Maquiladoras -  |x Aspectos Sociales y Culturales 
650 |a Globalización 
650 |a México (Frontera Norte) 
650 |a México (Frontera Sur) 
650 |a Relaciones Interculturales 
650 |a Comercio Internacional 
650 |a Economía Laboral 
650 |a Economía 
910 |a Fondo General 
920 |a Impresos - Libros 
930 |a Colección General 
905 |a 101 
901 |a 0500061385  |b IT1  |c ACC  |u 20250521 
902 |a https://opac.biblio.iteso.mx/vufind/Record/000131894